000 01353cam a22003131 4500
001 rc 01002743
003 DLC
005 20260227111907.0
007 cr_|||||||||||
008 770114s1892 nyucfhi 000 0 eng
010 _arc 01002743
035 _a(OCoLC)2678603
040 _aDLC
_cDGW
_dNcRS
_dDLC
042 _apremarc
050 0 0 _aF225
_b.C76
100 1 _aConway, Moncure Daniel,
_d1832-1907.
245 1 0 _aBarons of the Potomack and the Rappahannock,
_cby Moncure Daniel Conway.
260 _aNew York,
_bThe Grolier club,
_c1892.
300 _axvii, 290 p., 1 l.
_b2 pl., 4 port. (incl. front.) 3 facsim. (1 fold.) coat of arms.
_c24 cm.
490 0 _aThe Grolier club. Publications.
500 _aHead and tail pieces designed and drawn by Harry Fenn.
500 _a"One of an edition of three hundred and sixty copies on Italian handmade paper, and three copies on vellum."--The De Vinne press.
505 1 _aTobacconalia.--Spotswood and the cavaliers.--"Arms, and the man."--Augustine Washington and his family.--After Cartagena.--The Virginians.--Warner hall.
530 _aAlso available in digital form on the Internet Archive Web site.
651 0 _aVirginia
_xGenealogy.
651 0 _aVirginia
_xSocial life and customs.
600 3 0 _aWashington family.
856 4 1 _uhttp://hdl.loc.gov/loc.gdc/scd0001.00005471862
999 _c52387
_d52387